ბათუმის შოთა რუსთაველის სახელმწიფო უნივერსიტეტის ბიბლიოთეკა

უთქმელი ანდერძი : (ბიბ.ჩანაწერი № 45777)

000 -ლიდერი
ფიქსირებული სიგრძის საკონტროლო ველი 01023nam a2200265Ia 4500
001 - საკონტროლო ნომერი
საკონტროლო ველი 12604
003 - საკონტროლო ნომრის იდენტიფიკატორი
საკონტროლო ველი GE_BSU
005 - ბოლო ოპერაციის თარიღი და დრო
საკონტროლო ველი 20240710164925.0
008 - ფიქსირებული სიგრძის მონაცემთა ელემენტები - ზოგადი ინფორმაცია
ფიქსირებული სიგრძის საკონტროლო ველი 181216s2014||||ge |||||||||||||| ||geo||
020 ## - წიგნის საერთაშორისო სტანდარტული ნომერი
International Standard Book Number 978994193870
040 ## - კატალოგიზაციის წყარო
Transcribing agency GE_BSU
041 ## - ენის კოდი
Language code of text/sound track or separate title geo
080 ## - უნივერსალური ათობითი კლასიფიკაციის ინდექსი
Universal Decimal Classification number 821.353.1-31 მ-43
100 ## - მთავარი ჩანაწერი - პიროვნების სახელი
Personal name მახარაძე, აკაკი
9 (RLIN) 12168
245 ## - ცნობა სათაურის შესახებ
Title უთქმელი ანდერძი :
Remainder of title რომანი /
Statement of responsibility, etc აკაკი მახარაძე ; რედ. : ოთარ ცინარიძე, ოთარ ფუტკარაძე.
260 ## - გამოქვეყნების, გავრცელების, და სხვა. ცნობები
Place of publication, distribution, etc თბილისი
260 ## - გამოქვეყნების, გავრცელების, და სხვა. ცნობები
Name of publisher, distributor, etc ივერიონი
260 ## - გამოქვეყნების, გავრცელების, და სხვა. ცნობები
Date of publication, distribution, etc 2014
300 ## - ფიზიკური აღწერა
Extent 280 გვ. ;
Dimensions 20 სმ.
520 ## - SUMMARY, ETC.
Summary, etc ნაჩუქარი
653 ## - INDEX TERM--UNCONTROLLED
Uncontrolled term უთქმელი ანდერძი
700 ## - ADDED ENTRY--PERSONAL NAME
Personal name ცინარიძე, ოთარ
Relator term რედაქტორი
9 (RLIN) 22795
700 ## - ADDED ENTRY--PERSONAL NAME
Personal name ფუტკარაძე, ოთარ
Relator term რედაქტორი
9 (RLIN) 1700
942 ## - ADDED ENTRY ELEMENTS (KOHA)
Koha item type წიგნი
Source of classification or shelving scheme
ეგზემპლარები
ჩამოწერის სტატუსი დაკარგული ეგზემპლარის სტატუსი კლასიფიკაციის წყარო ან თაროზე გაწყობის სქემა დაზიანების სტატუსი არ გაიცემა მუდმივი მდებარეობა (დაცვის ადგილი) ამჟამინდელი ადგილსამყოფელი თაროზე განთავსების ადგილი შეძენის თარიღი სრული შენახვის შიფრი შტრიხკოდი ბოლო ოპერაციის თარიღი ეგზემპლარის მიმდევრობითი ნომერი (კეტერი?) ფასის ძალაში შესვლის თარიღი ეგზემპლარის სახეობა
          ბათუმის შოთა რუსთაველის სახელმწიფო უნივერსიტეტის მთავარი ბიბლიოთეკა ბათუმის შოთა რუსთაველის სახელმწიფო უნივერსიტეტის მთავარი ბიბლიოთეკა წიგნსაცავი 2018-12-17 821.353.1-31 მ-43 27116 2018-12-17 27116 2018-12-17 წიგნი
          ბათუმის შოთა რუსთაველის სახელმწიფო უნივერსიტეტის მთავარი ბიბლიოთეკა ბათუმის შოთა რუსთაველის სახელმწიფო უნივერსიტეტის მთავარი ბიბლიოთეკა წიგნსაცავი 2018-12-17 821.353.1-31 მ-43 27117 2018-12-17 27117 2018-12-17 წიგნი